The Indian sappers and miners / (Record no. 553191)

000 -LEADER
fixed length control field 00554nam a2200157 a 4500
082 00 - DEWEY DECIMAL CLASSIFICATION NUMBER
Classification number 358.20954
Author Mark SAN
100 1# - MAIN ENTRY--PERSONAL NAME
Personal name Sandes, E. W. C.
9 (RLIN) 49135
245 14 - TITLE STATEMENT
Title The Indian sappers and miners /
Statement of responsibility, etc. by E.W.C. Sandes.
260 ## - PUBLICATION, DISTRIBUTION, ETC.
Place of publication, distribution, etc. Chatham [Kent] :
Name of publisher, distributor, etc. Institution of Royal Engineers,
Date of publication, distribution, etc. 1948.
300 ## - PHYSICAL DESCRIPTION
Extent xxx, 726 p., [44] leaves of plates (some folded) :
Other physical details ill. ;
Dimensions 25 cm.
500 ## - GENERAL NOTE
General note Three fold. maps in pocket.
526 ## - STUDY PROGRAM INFORMATION NOTE
Program name 0
Interest level 0
Reading level 0
Title point value 358_209540000000000_SAN
650 #0 - SUBJECT ADDED ENTRY--TOPICAL TERM
Topical term or geographic name entry element MCE
9 (RLIN) 379
650 #0 - SUBJECT ADDED ENTRY--TOPICAL TERM
Topical term or geographic name entry element Military engineering
Geographic subdivision India
General subdivision History.
9 (RLIN) 49136
942 ## - ADDED ENTRY ELEMENTS (KOHA)
Source of classification or shelving scheme
Koha item type Book
Holdings
Withdrawn status Lost status Source of classification or shelving scheme Damaged status Not for loan Permanent Location Current Location Shelving location Date acquired Total Checkouts Full call number Barcode Date last seen Price effective from Koha item type
          Military College of Engineering (MCE) Military College of Engineering (MCE)   02/02/2015   358.20954 SAN MCE-EC1/80 02/02/2015 03/14/2021 Book
© 2023 Central Library, National University of Sciences and Technology. All Rights Reserved.